Xu hướng hội nhập kinh tế quốc tế giai đoạn 2011-2020 Sách chuyên khảo

Gồm 3 chương. Ch.1: Xu thế hội nhập kinh tế quốc tế và vấn đề bảo hộ trong nền kinh tế thế giới từ sau chiến tranh lạnh đến nay; Ch.2: Mối liên hệ giữa hội nhập kinh tế quốc tế và một số lĩnh vực khác và tác động của nó; Ch.3: Tr...

全面介绍

Đã lưu trong:
书目详细资料
主要作者: Nguyễn, Thị Hồng Nhung
其他作者: Hoàng, Thị Thanh Nhàn
格式: 图书
语言:Undetermined
出版: H. Khoa học Xã hội 2013
主题:
在线阅读:http://lrc.tdmu.edu.vn/opac/search/detail.asp?aID=2&ID=22713
标签: 添加标签
没有标签, 成为第一个标记此记录!
Thư viện lưu trữ: Trung tâm Học liệu Trường Đại học Thủ Dầu Một
LEADER 01385nam a2200229Ia 4500
001 TDMU_22713
008 210410s9999 xx 000 0 und d
082 |a 337.1 
090 |b NG527 
100 |a Nguyễn, Thị Hồng Nhung 
245 0 |a Xu hướng hội nhập kinh tế quốc tế giai đoạn 2011-2020 
245 0 |b Sách chuyên khảo 
245 0 |c Nguyễn Thị Hồng Nhung (chủ biên), Hoàng Thị Thanh Nhàn, Võ Thị Minh Lệ và [nh.ng.khác] 
260 |a H. 
260 |b Khoa học Xã hội 
260 |c 2013 
300 |a 216tr. 
520 |a Gồm 3 chương. Ch.1: Xu thế hội nhập kinh tế quốc tế và vấn đề bảo hộ trong nền kinh tế thế giới từ sau chiến tranh lạnh đến nay; Ch.2: Mối liên hệ giữa hội nhập kinh tế quốc tế và một số lĩnh vực khác và tác động của nó; Ch.3: Triển vọng của xu thế hội nhập kinh tế quốc tế giai đoạn 2011-2020 
650 |a Hội nhập kinh tế  |x Khuynh hướng  |z Thế giới; Kinh tế quốc tế 
700 |a Hoàng, Thị Thanh Nhàn 
856 |u http://lrc.tdmu.edu.vn/opac/search/detail.asp?aID=2&ID=22713 
980 |a Trung tâm Học liệu Trường Đại học Thủ Dầu Một